| 000 | 01067nam a22002415i 4500 | ||
|---|---|---|---|
| 001 | 161893 | ||
| 003 | ES-MaACL | ||
| 005 | 20250731063045.0 | ||
| 008 | 940301s1880 sp |||| | spa d | ||
| 040 |
_aCAM _bspa |
||
| 080 | _a141.155 | ||
| 080 | _a575.8.01 | ||
| 100 | 1 |
_aPérez Mínguez, Luis, _d1829-1903 _eaut _9131012 |
|
| 245 | 1 | 0 |
_aRefutación a los principios fundamentales del libro titulado "Origen de los especies" de Carlos Darwin / _cpor Luis Pérez Mínguez |
| 260 |
_aValladolid : _bImp., Librería Nacional y Extranjera de Hijos de Rodríguez, _c1880 |
||
| 300 |
_a230 páginas ; _c21 cm |
||
| 600 | 1 | 4 |
_aDarwin, Charles, _d1809-1882 _942770 |
| 650 | 7 |
_aEvolucionismo _2embne _912629 |
|
| 852 |
_aES-MaACL _cDEPOF _gDedicatoria autógrafa del autor _gAn. ms.: Regalo de la disuelta sociedad "Escolares Médicos" _hDonativo de Sociedad de Los Escolares Médicos _jT-716-F-5 _xEnc. en un vol. facticio _xHolandesa, conservando cub. original |
||
| 942 |
_2udc _cFOLLETOS _n0 |
||
| 999 |
_c161893 _d161893 |
||